[Event "Mumbai Wealth op 3rd"]
[Site "Mumbai"]
[Date "2018.01.06"]
[Round "8"]
[White "Krishna, Malay"]
[Black "Isha, Sharma"]
[Result "0-1"]
[WhiteElo "1604"]
[BlackElo "2029"]
[PlyCount "108"]
[EventDate "2017.12.30"]
[EventType "swiss"]
[EventRounds "9"]
[EventCountry "IND"]
[SourceTitle "CBM 182 Extra"]
[Source "ChessBase"]
[SourceDate "2018.02.23"]
[SourceVersion "1"]
[SourceVersionDate "2018.02.23"]
[SourceQuality "1"]

1. e4 e6 2. d4 d5 3. Nc3 Bb4 4. exd5 exd5 5. Bd3 Nf6 6. Nge2 0-0 7. 0-0 h6 8. Ng3 Nc6 9. a3 Ba5 10. Nce2 Ne7 11. c3 c6 12. h3 Bc7 13. Bf4 Be6 14. Qd2 Bc8 15. Rae1 Nh7 16. Bc2 Ng6 17. Qd3 Nf6 18. Bxc7 Qxc7 19. f4 Re8 20. f5 Nf8 21. Qf3 b6 22. Bd3 Bb7 23. Nf4 N8h7 24. Nfh5 c5 25. Nxf6+ Nxf6 26. Nh5 Nxh5 27. Qxh5 Qg3 28. Qd1 cxd4 29. cxd4 Re3 30. Rxe3 Qxe3+ 31. Kh1 Qxd4 32. f6 g6 33. Qd2 Qh4 34. Kh2 Rc8 35. Qe2 Qg5 36. Qe7 Bc6 37. Rf2 a5 38. b4 Re8 39. Qc7 Qe5+ 40. Qxe5 Rxe5 41. b5 Bd7 42. Re2 Rxe2 43. Bxe2 Bf5 44. g4 Bc2 45. Kg3 d4 46. Kf4 d3 47. Bf3 d2 48. Ke5 Ba4 49. Kd6 Bxb5 50. Kc7 Ba4 51. Kxb6 d1Q 52. Bxd1 Bxd1 53. Kxa5 g5 54. Kb6 Kh7 0-1

[Event "Mumbai Wealth op"]
[Site "Mumbai"]
[Date "2016.01.30"]
[Round "3"]
[White "Krishna, Malay"]
[Black "Patnigere, Abhishek"]
[Result "1-0"]
[WhiteElo "1430"]
[BlackElo "1344"]
[PlyCount "41"]
[EventDate "2016.01.28"]
[EventType "swiss"]
[EventRounds "9"]
[EventCountry "IND"]
[SourceTitle "CBM 170 Extra"]
[Source "ChessBase"]
[SourceDate "2016.02.25"]
[SourceVersion "1"]
[SourceVersionDate "2016.02.25"]
[SourceQuality "1"]

1. e4 c5 2. Nc3 e6 3. f4 Nc6 4. Nf3 g6 5. Bb5 Nge7 6. 0-0 Bg7 7. d3 0-0 8. Bxc6 Nxc6 9. Qe1 d5 10. Rb1 a6 11. Bd2 b5 12. Ne2 Bb7 13. Ng3 f5 14. exf5 exf5 15. Qe6+ Kh8 16. Ng5 Qc7 17. Rfe1 Bd4+ 18. Kf1 Rae8 19. Qxe8 Rxe8 20. Rxe8+ Kg7 21. Ne6+ 1-0